[Event "DEN-chT XtraCon 2018-19"]
[Site "Denmark"]
[Date "2018.10.27"]
[Round "1"]
[White "Borovnica, Tihomir"]
[Black "Skytte, Rasmus"]
[Result "0-1"]
[WhiteElo "2276"]
[BlackElo "2385"]
[Annotator "NA"]
[PlyCount "76"]
[EventDate "2018.10.27"]
[EventType "team-tourn"]
[EventCountry "DEN"]
[SourceTitle "playchess.com"]
[Source "ChessBase"]
[SourceQuality "1"]
[TimeControl "40/5400+30:1800+30"]

1. Nf3 {[%emt 0:00:00]} d5 {[%emt 0:00:32]} 2. g3 {[%emt 0:00:00]} Nf6 {[%emt 0:02:12]} 3. Bg2 {[%emt 0:00:00]} e6 {[%emt 0:02:11]} 4. O-O {[%emt 0:00:41]} Be7 {[%emt 0:00:11]} 5. d3 {[%emt 0:06:12]} c5 {[%emt 0:01:36]} 6. Nbd2 {[%emt 0:00:24]} Nc6 {[%emt 0:03:23]} 7. e4 {[%emt 0:00:29]} O-O {[%emt 0:00:32]} 8. e5 {[%emt 0:01:28]} Nd7 {[%emt 0:00:21]} 9. Re1 {[%emt 0:00:04]} Qc7 {[%emt 0:02:39]} 10. Qe2 {[%emt 0:02:34]} b5 {[%emt 0:02:25]} 11. Nf1 {[%emt 0:03:37]} Nd4 {[%emt 0:11:15]} 12. Nxd4 {[%emt 0:01:20]} cxd4 {[%emt 0:00:01]} 13. h4 {[%emt 0:01:00]} Bb4 {[%emt 0:04:24]} 14. Bd2 {[%emt 0:00:17]} Bxd2 {[%emt 0:02:17]} 15. Qxd2 {[%emt 0:00:09]} Nxe5 {[%emt 0:03:05]} 16. Qf4 {[%emt 0:02:31]} f6 {[%emt 0:00:44]} 17. Rac1 {[%emt 0:04:31]} Qb6 {[%emt 0:03:27]} 18. h5 {[%emt 0:00:05]} Bd7 {[%emt 0:04:40]} 19. Nd2 {[%emt 0:08:00]} Nf7 {[%emt 0:01:44]} 20. Qh4 {[%emt 0:00:12]} Nh6 {[%emt 0:02:40]} 21. Re2 {[%emt 0:10:00]} Rad8 {[%emt 0:03:32]} 22. a3 {[%emt 0:05:37]} Kh8 {[%emt 0:05:05]} 23. b4 {[%emt 0:00:20]} Nf5 {[%emt 0:00:56]} 24. Qh1 {[%emt 0:00:06]} Qa6 {[%emt 0:00:55]} 25. Ra1 {[%emt 0:00:12]} Qd6 {[%emt 0:17:26]} 26. Nb3 {[%emt 0:02:02]} Bc8 {[%emt 0:00:26]} 27. a4 {[%emt 0:18:44]} bxa4 {[%emt 0:06:17]} 28. Rxa4 {[%emt 0:00:10]} Bd7 {[%emt 0:02:42]} 29. Rxa7 {[%emt 0:00:48]} Qxb4 {[%emt 0:01:59]} 30. Bh3 {[%emt 0:10:23]} Qb6 {[%emt 0:00:44]} 31. Ra5 {[%emt 0:13:56]} Nh6 {[%emt 0:04:00]} 32. Kg2 {[%emt 0:03:22]} e5 {[%emt 0:01:40]} 33. Bxd7 {[%emt 0:00:05]} Rxd7 {[%emt 0:00:05]} 34. Qa1 {[%emt 0:00:03]} Rc8 {[%emt 0:04:27]} 35. Qa4 {[%emt 0:00:22]} Rdd8 {[%emt 0:00:56]} 36. Rb5 {[%emt 0:00:44]} Qc6 {[%emt 0:02:34]} 37. Qa5 {[%emt 0:01:06]} Qe8 {[%emt 0:02:05]} 38. Rxd5 {[%emt 0:00:11]} Qc6 {[%emt 0:00:52]} 0-1

[Event "DEN-chT XtraCon 2018-19"]
[Site "Denmark"]
[Date "2018.10.28"]
[Round "1"]
[White "Nielsen, Lars Aaes"]
[Black "Grubert, Christian"]
[Result "0-1"]
[WhiteElo "2246"]
[BlackElo "2148"]
[Annotator "TA"]
[PlyCount "62"]
[EventDate "2018.10.27"]
[EventType "team-tourn"]
[EventCountry "DEN"]
[SourceTitle "playchess.com"]
[Source "ChessBase"]
[SourceQuality "1"]

{[%evp 21,62,-36,-17,-35,-8,-12,-17,-26,-14,-6,-14,-77,-91,-92,-57,-76,-18,-31,15,-78,-64,-60,82,-10,-12,-27,-29,-67,-69,-58,-58,-47,0,-95,0,-213,-224,-226,-218,-421,-307,-1011,-981]} 1. e4 c5 2. Nf3 g6 3. c3 Bg7 4. d4 cxd4 5. cxd4 d5 6. exd5 Nf6 7. Bb5+ Nbd7 8. d6 O-O 9. O-O exd6 10. Nc3 a6 11. Bxd7 Bxd7 12. Qb3 {B10: Caro-Kann: 2 d3 and 2 c4} Rb8 $146 ({Predecessor:} 12... b5 13. h3 Rb8 14. a3 a5 15. Re1 b4 16. axb4 axb4 17. Nd5 Nxd5 18. Qxd5 Be6 19. Qa5 Qd7 {1-0 (31) Ramesa,D (2249)-Hryhorenko,N (2328) Pardubice 2006}) 13. Bf4 Bg4 14. Nd2 {The position is equal.} Nh5 15. Be3 b5 16. f3 (16. Rfe1 $11 {keeps the balance.}) 16... Be6 $17 17. d5 Bc8 18. Nce4 Bb7 (18... f5 $17 19. Ng5 f4) 19. Rad1 $1 $11 Re8 {[%cal Bf8e8,Be8e5,Be5h5,Bh5h3][%mdl 32]} 20. Rfe1 (20. g4 $11) 20... Re5 21. Nf1 Qe7 {[#]} (21... f5 $15 {keeps the upper hand.} 22. Ng5 Qf6) 22. g4 (22. Bd4 $1 $16) 22... f5 {Hoping for ...fxg4.} 23. gxh5 fxe4 24. h6 Bf8 25. f4 Rh5 $36 {[%mdl 2048] ...Rh4 is the strong threat. White is under pressure.} 26. Ng3 Rh3 27. Re2 (27. f5 $11) 27... Bc8 {[#]} (27... Bxh6 $17 {aiming for ...Qh4.} 28. f5 Bf8) 28. Rg2 $2 (28. f5 $1 $11 {[%mdl 512] and White has nothing to worry.}) 28... Bg4 $19 {[%cal Bc8g4,Bg4f3,Bf3e4][%mdl 32] Threatens to win with ...Bf3.} ({Don't take} 28... Bxh6 29. f5 $17) 29. Re1 Bf3 {Strongly threatening ...Qh4.} ({Don't play} 29... Rxh6 30. Bd2 $17) 30. Bd4 $2 (30. Qc2) 30... Qh4 31. Rxe4 $2 (31. Qc2) 31... Bxe4 {Precision: White = 27%, Black = 39%.} 0-1

[Event "DEN-chT XtraCon 2018-19"]
[Site "Denmark"]
[Date "2018.10.28"]
[Round "1"]
[White "Rosenkilde, Alexander"]
[Black "Schmidt, Kristen"]
[Result "1-0"]
[WhiteElo "2239"]
[BlackElo "2242"]
[Annotator "TA"]
[PlyCount "97"]
[EventDate "2018.10.27"]
[EventType "team-tourn"]
[EventCountry "DEN"]
[SourceTitle "playchess.com"]
[Source "ChessBase"]
[SourceQuality "1"]

{[%evp 15,97,0,29,25,24,22,17,10,0,-3,8,-10,0,0,0,-23,-16,-18,-17,-25,-22,-31,-24,-45,-47,-49,-44,-71,-64,-64,-64,-67,-66,-71,-64,-66,28,31,35,29,45,45,23,35,35,18,50,57,129,75,89,89,89,89,89,75,89,75,75,75,75,60,100,75,89,0,108,97,91,82,29969,29964,29967,29972,29969,29971,29974,29976,29976,29975,29973,29976,29980,29977]} 1. d4 Nf6 2. c4 g6 3. Nc3 Bg7 4. Bg5 h6 5. Bh4 d6 6. Nf3 g5 7. Bg3 Nh5 8. e3 Nc6 {LiveBook: 3 Games. E61: King's Indian: Early deviations for White, including Smyslov System} (8... c5 9. d5 Nd7 10. Qc2 Nxg3 11. hxg3 Ne5 12. Be2 Nxf3+ 13. gxf3 Qa5 14. Kf1 Bd7 15. f4 gxf4 16. exf4 {½-½ (26) Svidler,P (2756)-Solak,D (2641) Khanty-Mansiysk 2017}) 9. d5 Nxg3 10. hxg3 Ne5 {The position is equal.} 11. Qc2 $146 ({Predecessor:} 11. Nd2 c6 12. Qc2 Bd7 13. Be2 Rc8 14. f4 gxf4 15. gxf4 Ng4 16. Bxg4 Bxg4 {1-0 (66) Chatalbashev,B (2455)-Danchevski,O (2345) Star Dojran 1996}) 11... Nxf3+ 12. gxf3 c6 13. Bd3 Qa5 14. Kf1 Bd7 15. Rb1 Bxc3 16. bxc3 cxd5 17. cxd5 Qxd5 18. Be4 Qc4+ 19. Kg2 Bc6 $1 20. Bxc6+ Qxc6 21. Qf5 b6 22. a4 Kf8 23. a5 bxa5 24. Qxa5 Kg7 25. g4 Rhc8 {[#]} (25... a6 $15) 26. Rxh6 $3 $11 {[%mdl 512]} Qc5 ({Weaker is} 26... Kxh6 27. Rh1+ Kg6 28. Qf5+ Kg7 29. Qxg5+ Kf8 30. Rh8#) 27. Qa2 $1 Qc4 28. Qc2 $1 {[%cal Rc2h7] White wants to mate with Qh7+.} Rh8 ({And not} 28... Kxh6 29. Rh1+ Kg7 30. Qh7+ Kf6 31. Rh6+ Ke5 32. Qf5#) 29. Rxh8 Rxh8 {[%mdl 4096] Endgame KQR-KQR} 30. Rb7 e6 31. Rxa7 Qc5 {[#]} (31... Rc8 $14) 32. Ra1 (32. Qa4 $142 $1) 32... Qe5 33. Rh1 Rxh1 34. Kxh1 $16 {KQ-KQ} d5 35. Kg2 f6 36. Qb3 Qc7 37. Qb4 Kf7 38. Qd4 Ke7 39. Qd3 {Strongly threatening Qh7+.} Qe5 40. Qd4 {Hoping for Qxe5.} Qc7 $1 41. f4 gxf4 42. exf4 {g5 is the strong threat.} Qd6 $2 {[%mdl 8192]} (42... Kf7 $16) 43. Qb4 {White mates.} Kd7 44. Qxd6+ Kxd6 45. Kf3 Ke7 46. Ke3 Kd7 47. Kd4 Kd6 48. g5 {[%cal Bg4g5,Bg5g6][%mdl 32]} Ke7 49. g6 {Precision: White = 60%, Black = 48%.} 1-0

[Event "DEN-chT XtraCon 2018-19"]
[Site "Denmark"]
[Date "2018.10.27"]
[Round "1"]
[White "Vasli, Aref"]
[Black "Antonsen, Mikkel"]
[Result "0-1"]
[WhiteElo "2225"]
[BlackElo "2429"]
[Annotator "TA"]
[PlyCount "104"]
[EventDate "2018.10.27"]
[EventType "team-tourn"]
[EventCountry "DEN"]
[SourceTitle "playchess.com"]
[Source "ChessBase"]
[SourceQuality "1"]

{[%evp 17,104,0,-10,-18,-16,-25,0,-1,0,0,0,-4,0,-59,-35,-78,-87,-82,-72,-92,-80,-71,-58,-59,-55,-59,-62,-60,-52,-38,-44,-68,-55,-65,-24,-38,-36,-34,-14,-49,-62,-59,-38,-48,-36,-103,-92,-131,-132,-182,-182,-232,-232,-229,-225,-205,-200,-251,-243,-400,-366,-394,-256,-252,-256,-273,-264,-264,-254,-263,-262,-262,-247,-602,-377,-1319,-1233,-1173,-1074,-1906,-1416,-2538,-1237,-6091,-6188,-5692,-6645,-5648,-5626]} 1. d4 d5 2. Bf4 e6 3. Nf3 Nf6 4. e3 c5 5. Nbd2 Nc6 6. c3 Bd6 7. Bg3 O-O 8. Bb5 {D02: 1 d4 d5 2 Nf3 sidelines, including 2...Nf6 3 g3 and 2...Nf6 3 Bf4} (8. Bd3 b6 9. Qe2 Bb7 10. Rd1 Re8 11. e4 Be7 12. e5 Nh5 13. h4 Nxg3 14. fxg3 Rf8 15. Bxh7+ Kxh7 16. Ng5+ Kh6 17. Qd3 g6 18. h5 Kg7 19. Nxe6+ fxe6 20. Qxg6+ Kh8 21. Qh6+ Kg8 22. Qg6+ Kh8 23. Qh6+ {½-½ (23) Esipenko,A (2609)-Alekseenko,K (2639) Sochi 2018}) 8... Be7 9. Bd3 Nh5 {LiveBook: 14 Games} 10. O-O {The position is equal.} Nxg3 11. hxg3 c4 12. Bc2 b5 13. e4 $146 ({Predecessor (2):} 13. a3 Rb8 14. e4 a5 15. e5 Bd7 16. Nh2 Rb7 17. f4 {0-1 (52) Garcia Gonzalez,F (2131)-Ruiz Marana,A (2130) Barcelona 2006}) 13... b4 14. Re1 Rb8 15. exd5 ({White should play} 15. Nf1 $11) 15... exd5 $15 16. Ne5 Nxe5 17. Rxe5 Bf6 18. Re3 bxc3 19. bxc3 Rb2 20. Qc1 Rb6 21. Nf3 g6 22. Ne5 Bg5 {[%cal Bf6g5,Bg5h6,Bh6g7][%mdl 32]} 23. f4 Bh6 24. Qa3 Ra6 25. Qc5 {Black should prevent Nc6.} Qb6 26. Qxb6 (26. Qxd5 $2 Qb2 $19) 26... Rxb6 27. Ba4 Rb2 28. Bd7 Bg7 {[#] Threatens to win with ...Bxe5.} 29. Bxc8 Rxc8 30. Nd7 Rd8 31. Ne5 (31. Re7 $15) 31... Bxe5 $17 32. Rxe5 {[%mdl 4096] Endgame KRR-KRR} Rc2 33. Rb1 Rxc3 34. Rb5 Rxg3 35. Rexd5 Rxd5 36. Rxd5 $19 {KR-KR} Rd3 37. Rd8+ Kg7 38. Rd7 $2 {[#]} (38. d5 {was worth a try.}) 38... c3 39. Rc7 a5 40. d5 h5 ({Resist} 40... Rxd5 41. Rxc3 Rd4 42. Ra3 $17) 41. Rc6 Rxd5 42. Rxc3 Rd4 43. Ra3 Rxf4 44. Rxa5 Kh6 45. a4 $2 (45. Ra3) 45... f5 46. Ra7 $2 (46. Ra8 Kg5 47. a5) 46... Kg5 {Black is clearly winning.} 47. Ra6 h4 48. a5 Ra4 49. Kh2 Ra3 (49... Ra2 $142 50. Kg1 Kh5) 50. Ra8 Kg4 51. a6 g5 52. Ra7 f4 {Precision: White = 38%, Black = 71%.} 0-1

[Event "DEN-chT XtraCon 2018-19"]
[Site "Denmark"]
[Date "2018.10.27"]
[Round "1"]
[White "Christensen, Thomas"]
[Black "Andersen, Ib Hother"]
[Result "0-1"]
[WhiteElo "2219"]
[BlackElo "2145"]
[Annotator "NA"]
[PlyCount "70"]
[EventDate "2018.10.27"]
[EventType "team-tourn"]
[EventCountry "DEN"]
[SourceTitle "playchess.com"]
[Source "ChessBase"]
[SourceQuality "1"]
[TimeControl "40/5400+30:1800+30"]

1. d4 {[%emt 0:00:00]} Nf6 {[%emt 0:00:00]} 2. c4 {[%emt 0:00:00]} e6 {[%emt 0:00:00]} 3. Nc3 {[%emt 0:00:03]} Bb4 {[%emt 0:00:00]} 4. Qc2 {[%emt 0:00:15]} O-O {[%emt 0:00:00]} 5. a3 {[%emt 0:00:10]} Bxc3+ {[%emt 0:00:00]} 6. Qxc3 {[%emt 0:00:11]} b5 {[%emt 0:00:12]} 7. c5 {[%emt 0:06:41]} Bb7 {[%emt 0:26:41]} 8. Bg5 {[%emt 0:03:11]} a5 {[%emt 0:02:07]} 9. Rc1 {[%emt 0:11:41]} h6 {[%emt 0:06:14]} 10. Bh4 {[%emt 0:01:54]} Nc6 {[%emt 0:00:46]} 11. e3 {[%emt 0:04:21]} b4 {[%emt 0:00:36]} 12. Qc2 {[%emt 0:05:33]} g5 {[%emt 0:17:40]} 13. Bg3 {[%emt 0:00:07]} Nh5 {[%emt 0:00:28]} 14. Qd1 {[%emt 0:10:43]} Nxg3 {[%emt 0:05:04]} 15. hxg3 {[%emt 0:00:46]} Kg7 {[%emt 0:00:44]} 16. Qh5 {[%emt 0:00:26]} Qf6 {[%emt 0:02:15]} 17. Bd3 {[%emt 0:04:04]} Ba6 {[%emt 0:01:12]} 18. Be4 {[%emt 0:05:07]} bxa3 {[%emt 0:00:16]} 19. bxa3 {[%emt 0:00:13]} Rab8 {[%emt 0:00:14]} 20. Nf3 {[%emt 0:04:44]} Rb2 {[%emt 0:02:13]} 21. Bc2 {[%emt 0:08:20]} Rfb8 {[%emt 0:01:46]} 22. Kd1 {[%emt 0:03:09]} d6 {[%emt 0:01:55]} 23. cxd6 {[%emt 0:05:02]} cxd6 {[%emt 0:00:10]} 24. Qg4 {[%emt 0:04:31]} Rc8 {[%emt 0:07:32]} 25. Rh5 {[%emt 0:01:56]} Rxc2 {[%emt 0:03:25]} 26. Rxc2 {[%emt 0:02:39]} Bd3 {[%emt 0:00:43]} 27. Rxc6 {[%emt 0:09:55]} Rxc6 {[%emt 0:00:51]} 28. Rh1 {[%emt 0:03:21]} Rb6 {[%emt 0:02:42]} 29. Kd2 {[%emt 0:00:57]} Bf5 {[%emt 0:01:52]} 30. Qh5 {[%emt 0:00:14]} Rb2+ {[%emt 0:00:16]} 31. Kc3 {[%emt 0:00:07]} Rxf2 {[%emt 0:04:36]} 32. Nd2 {[%emt 0:01:09]} e5 {[%emt 0:03:18]} 33. g4 {[%emt 0:00:35]} exd4+ {[%emt 0:01:05]} 34. exd4 {[%emt 0:00:10]} Bh7 {[%emt 0:04:47]} 35. Qh3 {[%emt 0:03:41]} Qe6 0-1

[Event "DEN-chT XtraCon 2018-19"]
[Site "Denmark"]
[Date "2018.10.27"]
[Round "1"]
[White "Jaksland, Tim"]
[Black "Rewitz, Poul"]
[Result "1/2-1/2"]
[WhiteElo "2214"]
[BlackElo "2274"]
[Annotator "NA"]
[PlyCount "139"]
[EventDate "2018.10.27"]
[EventType "team-tourn"]
[EventCountry "DEN"]
[SourceTitle "playchess.com"]
[Source "ChessBase"]
[SourceQuality "1"]
[TimeControl "40/5400+30:1800+30"]

1. c4 {[%emt 0:00:00]} c5 {[%emt 0:00:18]} 2. Nf3 {[%emt 0:01:36]} Nc6 {[%emt 0:00:12]} 3. b3 {[%emt 0:02:56]} Nf6 {[%emt 0:02:22]} 4. Bb2 {[%emt 0:02:08]} e6 {[%emt 0:03:29]} 5. g3 {[%emt 0:04:20]} Be7 {[%emt 0:00:50]} 6. Bg2 {[%emt 0:00:06]} O-O {[%emt 0:00:16]} 7. O-O {[%emt 0:00:42]} d5 {[%emt 0:00:43]} 8. e3 {[%emt 0:01:49]} dxc4 {[%emt 0:06:55]} 9. bxc4 {[%emt 0:00:08]} Qb6 {[%emt 0:02:56]} 10. Qc2 {[%emt 0:03:25]} Nb4 {[%emt 0:08:33]} 11. Qb3 {[%emt 0:04:27]} Nd3 {[%emt 0:02:10]} 12. Ba3 {[%emt 0:20:15]} Rd8 {[%emt 0:02:51]} 13. Nc3 {[%emt 0:21:12]} Ng4 {[%emt 0:09:55]} 14. h3 {[%emt 0:02:39]} Nge5 {[%emt 0:04:04]} 15. Nxe5 {[%emt 0:03:18]} Nxe5 {[%emt 0:00:17]} 16. d4 {[%emt 0:01:33]} Nc6 {[%emt 0:02:22]} 17. Bxc5 {[%emt 0:09:41]} Bxc5 {[%emt 0:01:28]} 18. dxc5 {[%emt 0:00:04]} Qxc5 {[%emt 0:03:16]} 19. Qb5 {[%emt 0:00:44]} Qxb5 {[%emt 0:03:51]} 20. cxb5 {[%emt 0:00:36]} Na5 {[%emt 0:00:11]} 21. Rfd1 {[%emt 0:03:30]} Bd7 {[%emt 0:01:36]} 22. Rd4 {[%emt 0:00:41]} Rac8 {[%emt 0:17:41]} 23. Rad1 {[%emt 0:00:51]} Rxc3 {[%emt 0:00:25]} 24. Rxd7 {[%emt 0:00:33]} Rxd7 {[%emt 0:00:20]} 25. Rxd7 {[%emt 0:00:05]} g5 {[%emt 0:00:29]} 26. Bxb7 {[%emt 0:06:30]} Nxb7 {[%emt 0:02:21]} 27. Rxb7 {[%emt 0:00:05]} Ra3 {[%emt 0:00:13]} 28. Rb8+ {[%emt 0:02:20]} Kg7 {[%emt 0:00:10]} 29. Ra8 {[%emt 0:00:05]} Rxa2 {[%emt 0:00:24]} 30. b6 {[%emt 0:00:15]} Rb2 {[%emt 0:00:07]} 31. bxa7 {[%emt 0:00:36]} Ra2 {[%emt 0:00:18]} 32. Kg2 {[%emt 0:00:25]} h5 {[%emt 0:01:14]} 33. Kf3 {[%emt 0:00:33]} Ra4 {[%emt 0:00:21]} 34. Ke2 {[%emt 0:02:40]} Ra3 {[%emt 0:01:36]} 35. f4 {[%emt 0:02:03]} g4 {[%emt 0:03:01]} 36. hxg4 {[%emt 0:00:54]} hxg4 {[%emt 0:00:09]} 37. e4 {[%emt 0:00:31]} Ra1 {[%emt 0:01:14]} 38. Ke3 {[%emt 0:00:48]} Ra4 {[%emt 0:01:49]} 39. Kd3 {[%emt 0:00:36]} Ra1 {[%emt 0:00:25]} 40. Kd4 {[%emt 0:00:30]} Ra5 {[%emt 0:00:54]} 41. Kc4 {[%emt 0:30:22]} Ra4+ {[%emt 0:31:11]} 42. Kc5 {[%emt 0:00:00]} Ra1 {[%emt 0:00:00]} 43. Kd6 {[%emt 0:00:00]} Ra6+ {[%emt 0:00:00]} 44. Ke7 {[%emt 0:00:00]} Ra1 {[%emt 0:00:00]} 45. f5 {[%emt 0:00:00]} exf5 46. exf5 {[%emt 0:00:00]} Re1+ {[%emt 0:00:00]} 47. Kd6 {[%emt 0:00:00]} Ra1 {[%emt 0:00:00]} 48. Ke5 {[%emt 0:00:00]} Ra5+ {[%emt 0:00:00]} 49. Kf4 {[%emt 0:00:00]} Kf6 {[%emt 0:00:00]} 50. Kxg4 {[%emt 0:00:00]} Ra1 {[%emt 0:00:00]} 51. Kh5 {[%emt 0:00:33]} Rh1+ {[%emt 0:00:00]} 52. Kg4 {[%emt 0:00:03]} Ra1 {[%emt 0:00:00]} 53. Rb8 {[%emt 0:00:11]} Rxa7 {[%emt 0:00:00]} 54. Rb6+ {[%emt 0:00:02]} Kg7 {[%emt 0:00:00]} 55. Kg5 {[%emt 0:00:11]} Ra5 {[%emt 0:00:00]} 56. Rb7 {[%emt 0:00:28]} Rc5 {[%emt 0:00:00]} 57. g4 {[%emt 0:00:06]} Ra5 {[%emt 0:00:00]} 58. Re7 {[%emt 0:00:36]} Rc5 {[%emt 0:00:00]} 59. Re4 {[%emt 0:00:12]} Ra5 {[%emt 0:00:00]} 60. Kf4 {[%emt 0:00:08]} Ra1 {[%emt 0:05:20]} 61. Rb4 {[%emt 0:01:34]} Rf1+ {[%emt 0:02:55]} 62. Ke5 {[%emt 0:01:28]} Re1+ {[%emt 0:01:46]} 63. Re4 {[%emt 0:00:35]} Ra1 {[%emt 0:01:19]} 64. g5 {[%emt 0:00:40]} f6+ {[%emt 0:01:14]} 65. gxf6+ {[%emt 0:00:22]} Kf7 {[%emt 0:00:09]} 66. Re2 {[%emt 0:01:59]} Ra5+ {[%emt 0:02:25]} 67. Kf4 {[%emt 0:00:08]} Kxf6 {[%emt 0:01:11]} 68. Re6+ {[%emt 0:00:22]} Kf7 {[%emt 0:00:20]} 69. Rb6 {[%emt 0:00:00]} Ra1 {[%emt 0:00:22]} 70. Kg5 {[%emt 0:00:30]} 1/2-1/2

[Event "DEN-chT XtraCon 2018-19"]
[Site "Denmark"]
[Date "2018.10.27"]
[Round "1"]
[White "Pedersen, Nicolai Kvist Brond"]
[Black "Jorgensen, Dennis"]
[Result "1-0"]
[WhiteElo "2171"]
[BlackElo "2124"]
[Annotator "NA"]
[PlyCount "35"]
[EventDate "2018.10.27"]
[EventType "team-tourn"]
[EventCountry "DEN"]
[SourceTitle "playchess.com"]
[Source "ChessBase"]
[SourceQuality "1"]
[TimeControl "40/5400+30:1800+30"]

1. d4 {[%emt 0:00:29]} Nf6 {[%emt 0:00:01]} 2. Nf3 {[%emt 0:00:31]} e6 {[%emt 0:00:19]} 3. c4 {[%emt 0:00:14]} b6 {[%emt 0:02:29]} 4. g3 {[%emt 0:00:21]} Ba6 {[%emt 0:00:31]} 5. b3 {[%emt 0:03:16]} Bb4+ {[%emt 0:00:41]} 6. Bd2 {[%emt 0:00:06]} Be7 {[%emt 0:00:30]} 7. Nc3 {[%emt 0:04:16]} d5 {[%emt 0:04:03]} 8. cxd5 {[%emt 0:02:38]} exd5 {[%emt 0:02:27]} 9. Bg2 {[%emt 0:05:11]} O-O {[%emt 0:06:10]} 10. O-O {[%emt 0:04:12]} Ne4 {[%emt 0:11:33]} 11. Ne5 {[%emt 0:12:59]} Nxc3 {[%emt 0:08:40]} 12. Bxc3 {[%emt 0:00:07]} Re8 {[%emt 0:01:49]} 13. Qc2 {[%emt 0:04:24]} Bf8 {[%emt 0:04:27]} 14. Nxf7 {[%emt 0:10:22]} Kxf7 {[%emt 0:01:53]} 15. Qf5+ {[%emt 0:01:34]} Kg8 {[%emt 0:00:56]} 16. Qxd5+ {[%emt 0:03:48]} Qxd5 {[%emt 0:00:25]} 17. Bxd5+ {[%emt 0:00:05]} Kh8 {[%emt 0:00:05]} 18. Bxa8 {[%emt 0:00:29]} 1-0

[Event "DEN-chT XtraCon 2018-19"]
[Site "Denmark"]
[Date "2018.10.28"]
[Round "1"]
[White "Rasmussen, Henning"]
[Black "Ejsing, Esben"]
[Result "1-0"]
[WhiteElo "2165"]
[BlackElo "2154"]
[Annotator "TA"]
[PlyCount "81"]
[EventDate "2018.10.27"]
[EventType "team-tourn"]
[EventCountry "DEN"]
[SourceTitle "playchess.com"]
[Source "ChessBase"]
[SourceQuality "1"]

{[%evp 13,81,18,47,50,51,35,43,24,31,23,31,32,47,50,76,80,68,80,80,80,85,85,82,34,30,33,23,25,28,29,109,98,153,-17,8,9,39,0,26,19,78,0,0,0,0,0,0,-16,-26,-223,-216,-220,-210,-206,-212,-209,-214,-331,-309,-325,-268,-1016,-1003,-939,-816,-5389,10,34,1152,1028]} 1. d4 Nf6 2. c4 e6 3. Nc3 Bb4 4. e3 b6 5. Nge2 c5 6. a3 Ba5 7. Bd2 Na6 {LiveBook: 8 Games. E42: Nimzo-Indian: Rubinstein: 4...c5 5 Ne2} 8. Nf4 Bb7 9. Bd3 O-O {White is slightly better.} (9... g5 10. Nh5 $16) 10. d5 $146 ({Predecessor:} 10. O-O d5 11. cxd5 exd5 12. Nb5 Bxd2 13. Qxd2 Qd7 14. Nc3 Nc7 15. Rad1 {½-½ (54) Volkov,S (2648)-Gajewski,G (2573) Khanty-Mansiysk 2007}) 10... exd5 11. cxd5 Nc7 12. Qf3 Ne6 13. Nh5 {Qf5 is the strong threat.} Nxh5 14. Qxh5 {[%csl Gd3][%cal Rh5h7]} g6 15. Qh6 $40 {[%mdl 128] White is out for blood.} Bxc3 16. Bxc3 Bxd5 17. h4 $1 {[%cal Bh2h4,Bh4h5][%mdl 32] Threatens to win with h5.} f5 (17... Bxg2 $2 18. Rh2 $18) 18. O-O-O {[%mdl 1024] Hoping for Bb5. White has strong compensation.} Rf7 19. h5 g5 20. Bb5 Bb3 (20... Bxg2 21. Rxd7 $1 {[%mdl 512]} Qe8 22. Rhd1 $18) 21. Rd6 a6 (21... Qf8 $11 {keeps the balance.} 22. Qxf8+ Raxf8) 22. Bd3 $16 Qf8 (22... Rc8 $142) 23. Rxe6 $2 (23. Qxf8+ $16 Raxf8 24. Bxa6 (24. Rxb6 c4 $16)) 23... Bxe6 24. Qxg5+ Rg7 $1 {[%cal Rg7g5]} 25. Qf4 {And now h6 would win.} Rg4 26. Qe5 {Black must now prevent h6.} h6 (26... Qg7 $1 $11 {remains equal.}) 27. g3 (27. Be2 $16) 27... b5 $1 $11 28. f3 Rg5 $1 29. g4 b4 30. Qh8+ Kf7 {[%cal Bg8f7,Bf7e8,Be8d8][%mdl 32]} 31. Qh7+ $2 (31. Qf6+ $11 {and White stays safe.} Kg8 32. axb4) 31... Ke8 $19 32. axb4 cxb4 33. Bd4 Rc8+ ({And not} 33... fxg4 34. fxg4 Rc8+ 35. Kb1 $11) 34. Kd2 {[#]} Rc6 $1 ({But not} 34... fxg4 35. f4) 35. Ra1 (35. Qh8 {was necessary.}) 35... fxg4 36. Bg6+ Kd8 37. f4 $2 (37. Qh8 Qxh8 38. Bxh8) 37... Rd5 38. Rf1 Qf6 39. Qxh6 b3 $2 {[#]} ({Black should play} 39... Rxd4+ $19 40. exd4 Qxd4+ 41. Bd3 Bc4 42. Qf8+ Kc7) 40. Qg5 $1 $11 {[%cal Rg5f6][%mdl 512]} Rxg5 $4 {[%mdl 8192]} (40... Qxg5 $14 41. fxg5 Kc7) 41. Bxf6+ {Precision: White = 43%, Black = 42%.} 1-0

[Event "DEN-chT XtraCon 2018-19"]
[Site "Denmark"]
[Date "2018.10.27"]
[Round "1"]
[White "Svenninggaard, Thomas"]
[Black "Ramsdal, Jens Albert"]
[Result "0-1"]
[WhiteElo "2163"]
[BlackElo "2222"]
[Annotator "NA"]
[PlyCount "58"]
[EventDate "2018.10.27"]
[EventType "team-tourn"]
[EventCountry "DEN"]
[SourceTitle "playchess.com"]
[Source "ChessBase"]
[SourceQuality "1"]
[TimeControl "40/5400+30:1800+30"]

1. e4 {[%emt 0:00:00]} c5 {[%emt 0:00:01]} 2. Nc3 {[%emt 0:00:00]} Nc6 {[%emt 0:00:18]} 3. g4 {[%emt 0:00:00]} e5 {[%emt 0:03:58]} 4. Bg2 {[%emt 0:00:49]} d6 {[%emt 0:02:17]} 5. d3 {[%emt 0:01:52]} Nge7 {[%emt 0:02:27]} 6. h4 {[%emt 0:06:31]} Nd4 {[%emt 0:06:32]} 7. a4 {[%emt 0:11:51]} Bxg4 {[%emt 0:08:13]} 8. f3 {[%emt 0:13:11]} Be6 {[%emt 0:00:30]} 9. h5 {[%emt 0:03:20]} Nec6 {[%emt 0:04:25]} 10. Nge2 {[%emt 0:07:42]} Be7 {[%emt 0:00:23]} 11. O-O {[%emt 0:02:58]} Rc8 {[%emt 0:00:07]} 12. Nxd4 {[%emt 0:09:12]} cxd4 {[%emt 0:01:09]} 13. Ne2 {[%emt 0:00:20]} g6 {[%emt 0:10:07]} 14. h6 {[%emt 0:02:19]} Bg5 {[%emt 0:00:52]} 15. f4 {[%emt 0:03:42]} Bxh6 {[%emt 0:01:40]} 16. f5 {[%emt 0:01:46]} Bxc1 {[%emt 0:00:07]} 17. Qxc1 {[%emt 0:03:08]} Bd7 {[%emt 0:00:36]} 18. Qh6 {[%emt 0:01:57]} Qf6 {[%emt 0:02:28]} 19. Ng3 {[%emt 0:07:15]} Ke7 {[%emt 0:02:51]} 20. Qd2 {[%emt 0:05:02]} Qh4 {[%emt 0:07:53]} 21. Qe1 {[%emt 0:05:31]} f6 {[%emt 0:00:51]} 22. Rf3 {[%emt 0:02:17]} g5 {[%emt 0:00:10]} 23. Rf1 {[%emt 0:04:10]} g4 {[%emt 0:04:20]} 24. c3 {[%emt 0:01:15]} h5 {[%emt 0:00:06]} 25. Kf2 {[%emt 0:03:11]} Qg5 {[%emt 0:00:39]} 26. Rh1 {[%emt 0:01:52]} h4 {[%emt 0:00:37]} 27. Ne2 {[%emt 0:00:09]} h3 {[%emt 0:00:13]} 28. Ng3 {[%emt 0:01:25]} Qf4+ {[%emt 0:04:31]} 29. Kg1 {[%emt 0:00:06]} hxg2 {[%emt 0:00:28]} 0-1